| 000 | 00681cam a22002533a 4500 | ||
|---|---|---|---|
| 001 | 19150 | ||
| 003 | PGUSA | ||
| 005 | 20140828083415.0 | ||
| 008 | 060831s2006||||xxu|||||s|||||000 | eng d | ||
| 040 |
_aPGUSA _beng |
||
| 042 | _adc | ||
| 050 | 4 | _aHX | |
| 100 | 1 | _aMereto, Joseph J. | |
| 245 | 1 | 4 |
_aThe Red Conspiracy _h[electronic resource] / _cJoseph J. Mereto |
| 260 |
_bProject Gutenberg, _c2006 |
||
| 506 | _aPublic domain in the USA. | ||
| 516 | _aElectronic text | ||
| 653 | _aCommunism | ||
| 653 | _aSocialism | ||
| 653 | _aIndustrial Workers of the World | ||
| 830 | 0 |
_aProject Gutenberg _v19150 |
|
| 856 | 4 | 0 | _uhttp://www.gutenberg.org/ebooks/19150 |
| 942 | _cEB | ||
| 999 |
_c248405 _d248405 |
||